[Event "Lozovatsky Memorial-A 2019"]
[Site "Chelyabinsk"]
[Date "2019.01.18"]
[Round "7"]
[White "Sivuk, Vitaly"]
[Black "Bezgodov, Alexei"]
[Result "1/2-1/2"]
[WhiteElo "2552"]
[BlackElo "2441"]
[Annotator "TA"]
[PlyCount "147"]
[EventDate "2019.01.12"]
[EventType "tourn"]
[EventCountry "RUS"]
[SourceTitle "playchess.com"]
[Source "ChessBase"]
[SourceQuality "1"]

{[%evp 9,147,12,20,7,15,7,16,0,0,0,5,0,7,6,0,0,6,-9,-9,-23,-10,-10,-8,-17,-10,-40,-2,-6,0,0,0,0,13,13,13,11,15,0,38,0,0,-11,0,0,10,10,10,12,12,18,17,0,0,0,0,0,14,0,18,7,14,9,13,14,21,27,20,10,15,0,8,5,53,14,18,12,10,19,8,17,14,13,0,0,0,0,0,0,0,0,8,8,8,0,0,0,8,8,435,427,315,8,8,8,8,8,8,8,8,0,8,8,8,8,8,8,8,8,8,8,8,8,8,8,8,0,0,0,0,0,0,0,0,0,0,0,0,0,0,-8]} 1. e4 e5 2. Bc4 $146 ({Predecessor:} 2. Nf3 Nc6 3. Bc4 Bc5 4. c3 Nf6 5. d3 {½-½ (50) Amin,B (2686)-Grandelius,N (2655) Batumi 2018}) 2... Nf6 3. d3 Bc5 4. Nf3 d6 5. c3 Nc6 6. a4 {Black must now prevent b4. C54: Giuoco Piano: 4 c3 Nf6, main lines with 5 d4 and 5 d3} ({Predecessor:} 6. O-O h6 7. Re1 O-O 8. h3 a5 9. Nbd2 Be6 {½-½ (50) Amin,B (2686)-Grandelius,N (2655) Batumi 2018}) 6... a5 7. h3 Be6 8. Nbd2 O-O 9. O-O h6 10. Re1 Qc8 ({Predecessor:} 10... Bxc4 11. Nxc4 Re8 12. Qb3 Qd7 13. Qb5 Ne7 14. Nxa5 c6 15. Qxb7 Rxa5 16. Qxd7 Nxd7 {½-½ (50) Amin,B (2686)-Grandelius,N (2655) Batumi 2018}) 11. Bxe6 Qxe6 12. Nf1 d5 13. Qb3 Rfe8 14. Ng3 dxe4 15. Qxe6 Rxe6 16. dxe4 Rd8 17. Kf1 Kh7 18. Nd2 g6 19. Nc4 Kg7 20. Ke2 Ne8 21. Be3 Bxe3 22. Nxe3 Red6 23. Ngf1 Nf6 24. Nc4 R6d7 25. Nfd2 Nh5 {Threatens to win with ...Nf4+.} 26. g3 Nf6 27. Rad1 h5 28. h4 b6 29. f3 Kf8 30. Rb1 Ke7 31. Nf1 Ke6 32. Nfe3 Ne7 33. Rec1 Ra8 34. Ra1 Nc6 35. Rg1 Ke7 (35... Rad8 {seems wilder.} 36. Rh1 Ne7 37. Rag1 Nc6 38. Rb1 Rh8) 36. Rgd1 Rad8 37. Rxd7+ Rxd7 38. Rb1 Ke6 39. b4 axb4 40. cxb4 Rd4 41. a5 b5 42. Na3 {Strongly threatening Rc1.} Rxb4 43. Rxb4 Nxb4 44. Nxb5 $11 {[%mdl 4096] Endgame KNN-KNN} Kd7 45. Nc4 Kc6 46. Nxc7 Kxc7 47. Nxe5 Nc6 48. Nxf7 Nd7 49. Ke3 Nxa5 50. Kf4 {next Kg5 is good for White.} Nc4 51. e5 Nf8 52. Kg5 Kd7 53. Kf6 Nd2 $2 {[%mdl 8192]} (53... Na5 $11) 54. Ng5 $18 Ke8 {[#]} 55. e6 $2 (55. f4 $1 $18) 55... Nf1 $11 {The position is equal.} 56. Ne4 Nh7+ 57. Kxg6 {[%mdl 64] Double Attack} Nf8+ 58. Kf6 Nh7+ 59. Kg6 Nf8+ 60. Kxh5 Nxe6 61. Kg6 Kf8 62. h5 Kg8 63. h6 Kh8 64. g4 {With the idea Kf6.} Nh2 65. Kf6 Nd4 66. g5 {Hoping for Nd6.} Ndxf3 67. g6 Ng4+ {[%mdl 64] [#] Double Attack} 68. Ke7 Nfe5 69. g7+ Kg8 70. Nf6+ Nxf6 71. Kxf6 Ng4+ 72. Kg6 {[%csl Gg6][%cal Rh6h7]} Ne5+ 73. Kf5 Nf7 74. Ke4 {Accuracy: White = 53%, Black = 64%.} 1/2-1/2

[Event "Lozovatsky Memorial-A 2019"]
[Site "Chelyabinsk"]
[Date "2019.01.18"]
[Round "7"]
[White "Drygalov, Andrey"]
[Black "Gutenev, Alexander"]
[Result "1/2-1/2"]
[WhiteElo "2485"]
[BlackElo "2456"]
[Annotator "RC"]
[PlyCount "51"]
[EventDate "2019.01.12"]
[EventType "tourn"]
[EventCountry "RUS"]
[SourceTitle "playchess.com"]
[Source "ChessBase"]
[SourceQuality "1"]
[TimeControl "5400+30"]

1. e4 {[%emt 0:00:00]} c5 {[%emt 0:06:57]} 2. Nf3 {[%emt 0:00:00]} Nc6 {[%emt 0:00:09]} 3. d4 {[%emt 0:00:00]} cxd4 4. Nxd4 {[%emt 0:00:00]} Nf6 {[%emt 0:01:22]} 5. Nc3 {[%emt 0:00:00]} d6 {[%emt 0:00:37]} 6. Bg5 {[%emt 0:00:06]} e6 {[%emt 0:02:02]} 7. Qd2 {[%emt 0:01:12]} a6 {[%emt 0:00:23]} 8. O-O-O {[%emt 0:00:19]} Bd7 {[%emt 0:00:05]} 9. f4 {[%emt 0:00:52]} h6 {[%emt 0:07:02]} 10. Bh4 {[%emt 0:00:24]} Nxe4 {[%emt 0:00:05]} 11. Qe1 {[%emt 0:00:07]} Nf6 {[%emt 0:00:05]} 12. Nf5 {[%emt 0:00:04]} Qa5 {[%emt 0:00:05]} 13. Nxd6+ {[%emt 0:00:07]} Bxd6 {[%emt 0:00:05]} 14. Rxd6 {[%emt 0:00:06]} O-O-O {[%emt 0:00:14]} 15. Qd2 {[%emt 0:33:54]} Qc7 {[%emt 0:19:52]} 16. Be2 {[%emt 0:13:13]} Ne7 {[%emt 0:01:12]} 17. Rd1 {[%emt 0:02:45]} Nf5 {[%emt 0:02:22]} 18. Bxf6 {[%emt 0:00:21]} gxf6 {[%emt 0:00:05]} 19. Rd3 {[%emt 0:00:05]} Bc6 {[%emt 0:00:09]} 20. g3 {[%emt 0:07:58]} Rxd3 {[%emt 0:05:59]} 21. Qxd3 {[%emt 0:00:32]} Rd8 {[%emt 0:01:18]} 22. Qxd8+ {[%emt 0:01:39]} Qxd8 {[%emt 0:00:07]} 23. Rxd8+ {[%emt 0:00:03]} Kxd8 {[%emt 0:00:10]} 24. Kd2 {[%emt 0:02:20]} Ke7 {[%emt 0:11:51]} 25. Nd1 {[%emt 0:08:12]} Nd6 {[%emt 0:07:47]} 26. Ne3 {[%emt 0:04:57]} 1/2-1/2

[Event "Lozovatsky Memorial-A 2019"]
[Site "Chelyabinsk"]
[Date "2019.01.18"]
[Round "7"]
[White "Drygalov, Sergey"]
[Black "Khanin, Semen"]
[Result "0-1"]
[WhiteElo "2442"]
[BlackElo "2514"]
[Annotator "TA"]
[PlyCount "110"]
[EventDate "2019.01.12"]
[EventType "tourn"]
[EventCountry "RUS"]
[SourceTitle "playchess.com"]
[Source "ChessBase"]
[SourceQuality "1"]

{[%evp 21,110,34,26,20,45,15,40,43,27,0,0,0,0,4,0,2,0,0,0,0,0,0,5,0,0,0,0,0,-1,-44,-56,-74,-69,-74,-81,-281,-256,-478,-455,-471,-486,-554,-553,-560,-560,-552,-544,-487,-481,-483,-370,-460,-370,-367,-362,-351,-315,-300,-252,-216,-250,-243,-194,-296,-318,-310,-310,-309,-180,-160,-214,-279,-88,-832,-830,-817,-770,-862,-826,-995,-777,-753,-698,-698,-694,-675,-655,-712,-662,-1175,-1137]} 1. d4 Nf6 2. c4 e6 ({Predecessor:} 2... c5 3. d5 e6 4. Nc3 exd5 5. cxd5 d6 {0-1 (29) Comellas Blanchart,J (2148)-Pla Almenar,N (1901) Barcelona 2018}) 3. g3 c5 4. d5 exd5 5. cxd5 d6 6. Nc3 g6 7. Bg2 Bg7 8. Nf3 O-O 9. O-O a6 10. a4 Nbd7 11. Bf4 Qe7 12. Re1 $146 {A63: Modern Benoni: Fianchetto Variation: 9...Nbd7} (12. h3 Rb8 13. Qd3 Re8 14. Rfe1 Nh5 15. Bg5 Bf6 16. Bxf6 Nhxf6 17. e4 Nh5 18. Kh2 f6 19. Nd2 Ne5 20. Qe2 {0-1 (49) Sjugirov,S (2670)-Korobov,A (2708) Sochi 2015}) 12... Ng4 13. Qc1 b6 ({Predecessor:} 13... Rb8 14. Nd2 g5 15. Be3 Nxe3 16. fxe3 Ne5 17. Nf3 b5 18. axb5 axb5 19. e4 h6 {0-1 (29) Comellas Blanchart,J (2148)-Pla Almenar,N (1901) Barcelona 2018}) 14. h3 {White is slightly better.} Nge5 15. Bg5 f6 16. Bh6 Bxh6 17. Qxh6 Rb8 18. Qc1 Qg7 19. Nd2 f5 20. f4 Nf7 21. e4 g5 22. exf5 gxf4 {next ...Nde5 is good for Black.} 23. Nde4 f3 $36 {[%mdl 2048] Black has the initiative.} 24. Bxf3 Nde5 25. Be2 {Qf4 is the strong threat.} Bxf5 26. Kg2 {[#]} b5 $1 {[%mdl 512]} 27. axb5 axb5 28. Nf2 $2 (28. Ra7 $17 b4 29. Nxd6 Bxh3+ 30. Kxh3 bxc3 31. Nxf7 cxb2 32. Nxe5 Qxa7 33. Qb1) 28... Ng5 $1 $19 29. h4 $2 {[#]} (29. Qe3) 29... Ngf3 $1 {[%mdl 576] Deflection, Decoy} 30. Bxf3 Nxf3 31. Kxf3 Bh3+ $1 32. Ke2 {[#]} Rxf2+ $1 {[%mdl 576] Clearance} 33. Kxf2 Rf8+ 34. Qf4 Rxf4+ 35. gxf4 Qg2+ 36. Ke3 Qg3+ {[%mdl 64] Double Attack} 37. Kd2 Qxf4+ 38. Re3 Bf5 39. Rg1+ Kf7 {White must now prevent ...Qd4+.} 40. Rgg3 {intending Rgf3.} Qd4+ 41. Ke1 b4 42. Ne2 Qxh4 43. Ref3 Kf6 44. Rf4 Qh1+ 45. Kf2 Qxd5 46. Rgf3 {[#]} Ke6 $1 {Strongly threatening ...Bg6.} 47. Rh4 $2 {[%mdl 8192]} (47. Rxf5 $17 Qxf5 48. Rxf5 Kxf5 49. Kf3) 47... Qd2 {Black is clearly winning.} 48. b3 Bg6 49. Rhf4 Kd7 50. Re3 Bh5 51. Rfe4 Kc6 52. Kg3 Bxe2 53. Rxe2 Qg5+ 54. Kf3 Qh5+ 55. Kf4 Qf7+ {[%mdl 64] Double Attack. Accuracy: White = 47%, Black = 91%.} 0-1

[Event "Lozovatsky Memorial-A 2019"]
[Site "Chelyabinsk"]
[Date "2019.01.18"]
[Round "7"]
[White "Slizhevsky, Alexander"]
[Black "Korneev, Oleg"]
[Result "0-1"]
[WhiteElo "2428"]
[BlackElo "2545"]
[Annotator "ChessBase"]
[PlyCount "142"]
[EventDate "2019.01.12"]
[EventType "tourn"]
[EventCountry "RUS"]
[SourceTitle "playchess.com"]
[Source "ChessBase"]
[SourceQuality "1"]
[TimeControl "5400+30"]

1. e4 {[%emt 0:00:00]} e5 {[%emt 0:05:57]} 2. Nf3 {[%emt 0:00:00]} Nc6 {[%emt 0:00:10]} 3. Bb5 {[%emt 0:00:06]} Nf6 {[%emt 0:00:04]} 4. O-O {[%emt 0:00:28]} Nxe4 {[%emt 0:04:12]} 5. d4 {[%emt 0:00:37]} Nd6 {[%emt 0:02:22]} 6. Bxc6 {[%emt 0:00:15]} dxc6 {[%emt 0:00:02]} 7. dxe5 {[%emt 0:00:09]} Nf5 {[%emt 0:00:02]} 8. Qxd8+ {[%emt 0:00:15]} Kxd8 {[%emt 0:00:03]} 9. h3 {[%emt 0:00:29]} Ke8 {[%emt 0:00:20]} 10. Nc3 {[%emt 0:00:58]} h5 {[%emt 0:02:21]} 11. Ne2 {[%emt 0:01:10]} Be7 {[%emt 0:01:46]} 12. Bg5 {[%emt 0:02:57]} Be6 {[%emt 0:05:11]} 13. Nf4 {[%emt 0:01:00]} Bd5 {[%emt 0:04:28]} 14. Nxd5 {[%emt 0:00:30]} cxd5 {[%emt 0:00:30]} 15. Rad1 {[%emt 0:00:30]} c6 {[%emt 0:00:30]} 16. Rd3 {[%emt 0:00:30]} h4 {[%emt 0:00:30]} 17. Re1 {[%emt 0:00:30]} Bxg5 {[%emt 0:00:30]} 18. Nxg5 {[%emt 0:00:30]} Ke7 {[%emt 0:00:30]} 19. Rf3 {[%emt 0:00:30]} g6 {[%emt 0:22:21]} 20. g4 {[%emt 0:25:22]} hxg3 {[%emt 0:00:54]} 21. fxg3 {[%emt 0:00:05]} Rh5 {[%emt 0:09:36]} 22. h4 {[%emt 0:00:39]} Rxg5 {[%emt 0:00:04]} 23. hxg5 {[%emt 0:00:08]} Nd4 {[%emt 0:00:01]} 24. Rd3 {[%emt 0:04:30]} Ne6 {[%emt 0:00:54]} 25. Red1 {[%emt 0:02:58]} Rh8 {[%emt 0:06:20]} 26. c4 {[%emt 0:07:39]} d4 {[%emt 0:00:19]} 27. Rb3 {[%emt 0:00:20]} Rb8 {[%emt 0:09:15]} 28. c5 {[%emt 0:06:57]} Nxc5 {[%emt 0:00:50]} 29. Ra3 {[%emt 0:00:04]} Rd8 {[%emt 0:03:15]} 30. Rxa7 {[%emt 0:06:39]} Rd7 {[%emt 0:02:07]} 31. Kg2 {[%emt 0:13:35]} Ke6 {[%emt 0:01:05]} 32. Kf3 {[%emt 0:03:33]} Kxe5 {[%emt 0:01:10]} 33. Rc1 {[%emt 0:02:07]} Kd5 {[%emt 0:03:21]} 34. b4 {[%emt 0:01:39]} Ne4 {[%emt 0:02:02]} 35. Ke2 {[%emt 0:05:31]} Re7 {[%emt 0:02:57]} 36. Kd3 {[%emt 0:02:23]} Nc3 {[%emt 0:02:26]} 37. Ra5+ {[%emt 0:03:42]} b5 {[%emt 0:00:17]} 38. Ra6 {[%emt 0:00:07]} Re3+ {[%emt 0:02:38]} 39. Kd2 {[%emt 0:03:59]} Ne4+ {[%emt 0:01:05]} 40. Kc2 {[%emt 0:00:14]} d3+ {[%emt 0:00:21]} 41. Kb2 {[%emt 0:00:35]} Re2+ {[%emt 0:00:47]} 42. Kb3 {[%emt 0:00:48]} Kd4 {[%emt 0:03:47]} 43. Ra7 {[%emt 0:03:58]} Nd2+ {[%emt 0:00:29]} 44. Kb2 {[%emt 0:00:07]} Nc4+ {[%emt 0:00:14]} 45. Kb1 {[%emt 0:00:23]} d2 {[%emt 0:03:48]} 46. Rd7+ {[%emt 0:00:22]} Ke3 {[%emt 0:00:20]} 47. Re7+ {[%emt 0:02:33]} Kf2 {[%emt 0:00:14]} 48. Rxf7+ {[%emt 0:00:11]} Kg2 {[%emt 0:00:57]} 49. Rd1 {[%emt 0:00:30]} Ne3 {[%emt 0:00:28]} 50. Re7 {[%emt 0:00:58]} Kf2 {[%emt 0:00:19]} 51. Rxe3 {[%emt 0:00:33]} Kxe3 {[%emt 0:00:04]} 52. Kc2 {[%emt 0:00:15]} Rg2 {[%emt 0:00:56]} 53. Rf1 {[%emt 0:00:41]} Ke2 {[%emt 0:00:36]} 54. Rd1 {[%emt 0:00:05]} Kf3 {[%emt 0:00:40]} 55. Rf1+ {[%emt 0:01:09]} Rf2 {[%emt 0:00:15]} 56. Rh1 {[%emt 0:00:24]} Kg4 {[%emt 0:00:46]} 57. Rh4+ {[%emt 0:00:44]} Kxg5 {[%emt 0:00:10]} 58. Rd4 {[%emt 0:00:24]} d1=Q+ {[%emt 0:00:14]} 59. Kxd1 {[%emt 0:00:03]} Rxa2 {[%emt 0:00:04]} 60. Kc1 {[%emt 0:00:53]} Rg2 {[%emt 0:01:12]} 61. Rd6 {[%emt 0:00:12]} Rxg3 {[%emt 0:00:13]} 62. Rxc6 {[%emt 0:00:15]} Rf3 {[%emt 0:00:19]} 63. Kd2 {[%emt 0:00:32]} Rf4 {[%emt 0:00:42]} 64. Rc5+ {[%emt 0:00:35]} Rf5 {[%emt 0:00:02]} 65. Rc6 {[%emt 0:00:15]} Kh5 {[%emt 0:01:14]} 66. Ke3 {[%emt 0:01:21]} g5 {[%emt 0:00:05]} 67. Rc5 {[%emt 0:00:27]} Kg4 {[%emt 0:00:11]} 68. Rc1 {[%emt 0:00:20]} Rf4 {[%emt 0:00:18]} 69. Rg1+ {[%emt 0:00:22]} Kf5 {[%emt 0:00:10]} 70. Rb1 {[%emt 0:00:12]} g4 {[%emt 0:00:07]} 71. Rc1 {[%emt 0:00:29]} Re4+ {[%emt 0:00:17]} 0-1

[Event "Lozovatsky Memorial-A 2019"]
[Site "Chelyabinsk"]
[Date "2019.01.18"]
[Round "7"]
[White "Tosic, Miroslav"]
[Black "Simantsev, Mikhail"]
[Result "1/2-1/2"]
[WhiteElo "2360"]
[BlackElo "2401"]
[Annotator "TA"]
[PlyCount "36"]
[EventDate "2019.01.12"]
[EventType "tourn"]
[EventCountry "RUS"]
[SourceTitle "playchess.com"]
[Source "ChessBase"]
[SourceQuality "1"]

{[%evp 14,15,7,6]} 1. d4 Nf6 2. Nf3 e6 3. c4 b6 4. g3 Bb7 5. Bg2 Be7 6. O-O O-O 7. Nc3 Ne4 8. Qc2 {LiveBook: 1297 Games} {Predecessor:} Nxc3 $146 9. Qxc3 d6 10. Qc2 f5 11. d5 e5 12. e4 Bc8 13. Qe2 Na6 14. exf5 Bxf5 15. Nd2 Nc5 16. Ne4 a5 17. Nxc5 bxc5 18. Bd2 a4 {½-½ (55) Brunello,S (2552)-Kramnik,V (2779) Batumi 2018} 1/2-1/2

[Event "Lozovatsky Memorial-A 2019"]
[Site "Chelyabinsk"]
[Date "2019.01.19"]
[Round "8"]
[White "Korneev, Oleg"]
[Black "Sivuk, Vitaly"]
[Result "1-0"]
[WhiteElo "2545"]
[BlackElo "2552"]
[Annotator "TA"]
[PlyCount "63"]
[EventDate "2019.01.12"]
[EventType "tourn"]
[EventCountry "RUS"]
[SourceTitle "playchess.com"]
[Source "ChessBase"]
[SourceQuality "1"]

{[%evp 18,63,26,16,12,6,0,0,4,-24,-14,-26,-33,-32,-24,-31,-31,-28,-17,-21,-21,-15,-20,-24,-14,-24,-36,-57,-53,-42,-49,-124,-131,-206,-183,-179,-61,-51,685,650,2771,2061,1246,362,1194,1134,922,812]} 1. e4 c5 2. Nf3 d6 3. Bb5+ Nd7 4. O-O a6 5. Bxd7+ Bxd7 6. d4 cxd4 7. Qxd4 Rc8 {B51: Sicilian: Moscow Variation (3 Bb5+) without 3...Bd7} (7... e5 8. Qd3 h6 9. a4 Nf6 10. a5 Be7 11. c4 b5 12. axb6 Qxb6 13. Nc3 O-O 14. Be3 Qb7 15. h3 Rfc8 16. Nd2 Be6 17. Rfb1 a5 18. b3 Ra6 19. Ra2 Bd7 20. Rba1 {½-½ (20) Wang,H (2730)-Nepomniachtchi,I (2763) St Petersburg 2018}) 8. c4 Nf6 9. Bg5 e6 10. Nc3 {LiveBook: 3 Games} Be7 11. e5 $146 (11. Rfd1 {seems wilder.} Qc7 12. Rac1 h6 13. Bh4 e5 14. Qd2) ({Predecessor:} 11. Bxf6 Bxf6 12. Qxd6 Bxc3 13. bxc3 Bc6 14. Qe5 O-O {1-0 (28) Munoz Pantoja,M (2500)-Perez Manas,B (2283) Barcelona 2017}) 11... dxe5 12. Nxe5 h6 13. Bxf6 gxf6 14. Nxd7 Qxd7 15. Qg4 Kf8 16. Rfd1 Qc6 17. b3 f5 18. Qd4 {[%cal Rd4h8]} Rg8 {[%csl Gg8][%cal Rc6g2]} 19. g3 h5 20. Qd7 b5 $36 {[%mdl 2048] Black has the initiative.} 21. Rac1 Bg5 22. Rc2 Qa8 {Hoping for ...Rd8.} 23. cxb5 axb5 {White must now prevent ...b4.} 24. Qxb5 ({Better is} 24. Qd3 $1 $15) 24... h4 $1 $17 {[%cal Rh4g3]} 25. Rd7 (25. Qe2 $17 {keeps fighting.}) 25... hxg3 26. hxg3 {[#]} Rh8 (26... Bf6 $1 $19 {Threatens to win with ...Rh8.} 27. Rc1 Rh8) 27. Rb7 $15 Rh7 $2 {[%mdl 8192] [#]} (27... Kg7 $15 28. Qd7 Rhf8) 28. Ne4 $1 $18 {[%mdl 512]} Bd8 {[#]} (28... fxe4 29. Rxc8+) 29. Nd6 $1 {[%mdl 512] Intending Qe8+ and mate.} Qxb7 30. Qe8+ {[%mdl 64] Zwischenzug} Kg7 {[%csl Gb7][%cal Rh7h1]} 31. Nxb7 Rxc2 32. Nxd8 {Accuracy: White = 50%, Black = 58%.} 1-0

[Event "Lozovatsky Memorial-A 2019"]
[Site "Chelyabinsk"]
[Date "2019.01.19"]
[Round "8"]
[White "Khanin, Semen"]
[Black "Tosic, Miroslav"]
[Result "1/2-1/2"]
[WhiteElo "2514"]
[BlackElo "2360"]
[Annotator "TA"]
[PlyCount "67"]
[EventDate "2019.01.12"]
[EventType "tourn"]
[EventCountry "RUS"]
[SourceTitle "playchess.com"]
[Source "ChessBase"]
[SourceQuality "1"]

{[%evp 18,67,108,97,97,101,104,94,112,106,116,93,117,112,124,123,197,134,154,142,138,112,108,111,106,114,183,60,91,-449,-483,-477,-464,-443,0,0,0,0,0,0,0,0,0,0,0,0,0,0,0,0,0,0]} 1. e4 c5 2. Nf3 e6 3. d4 cxd4 4. Nxd4 a6 5. c4 Nf6 6. Nc3 Qc7 7. a3 Nc6 8. Be3 Ne5 9. Be2 {B41: Sicilian: Kan Variation: 5 c4} (9. f3 Be7 10. Rc1 O-O 11. Be2 Ng6 12. Qd2 b6 13. b4 Bb7 14. Na4 Rfb8 15. c5 bxc5 16. Nxc5 Qd8 {½-½ (54) Dominguez Perez,L (2734)-Svidler,P (2747) St Petersburg 2012}) 9... h5 10. h3 {LiveBook: 3 Games} Ng6 11. Qd2 {White is better.} d6 $146 ({Predecessor:} 11... b6 12. f4 Bb7 13. Bd3 h4 14. O-O Nh5 15. b4 Ng3 16. Rfe1 Be7 {½-½ (32) Solak,D (2355)-Ionescu,C (2515) Bucharest 1997}) 12. O-O Bd7 13. Rac1 Be7 14. f4 {[%cal Bf2f4,Bf4e5][%mdl 32]} Rc8 15. b4 Qb8 16. Nf3 b5 (16... Bc6 $16) 17. e5 (17. cxb5 $18 axb5 18. e5 Rxc3 19. Qxc3) 17... dxe5 $16 18. fxe5 Ng4 19. hxg4 hxg4 20. Nh2 f5 21. Rfd1 Bc6 (21... Rd8 $16) 22. Nf1 ({Better is} 22. Nd5 $18 Rd8 {[%mdl 64] Pin} 23. Qc3) 22... Rd8 $14 23. Bd4 $2 {[%mdl 8192] [#]} (23. Qa2 $16 {keeps the pressure on.} Rxd1 24. Rxd1) 23... Bxg2 $1 $19 {[%mdl 512]} 24. Kxg2 Qb7+ 25. Nd5 {And now Kf2 would win.} ({Don't play} 25. Kf2 Qh1 $19) 25... Rxd5 $2 (25... bxc4 $19 26. Bxc4 Rxd5 27. Bxd5 Qxd5+ {[%mdl 64] Double Attack} 28. Kf2 Rh1) 26. cxd5 $11 {The position is equal.} Qxd5+ 27. Kf2 Bh4+ $1 28. Kg1 Be1 $1 {[%csl Gd5][%cal Rh8h1]} 29. Rc8+ Kf7 $1 {[%csl Gd5][%cal Rh8h1]} 30. Rc7+ Ke8 {[%csl Gd5][%cal Rh8h1]} 31. Rc8+ Kf7 $1 {[%csl Gd5][%cal Rh8h1]} 32. Rc7+ Ke8 {[%csl Gd5][%cal Rh8h1]} 33. Rc8+ Kf7 $1 {[%csl Gd5][%cal Rh8h1]} 34. Rc7+ {Accuracy: White = 51%, Black = 66%.} 1/2-1/2

[Event "Lozovatsky Memorial-A 2019"]
[Site "Chelyabinsk"]
[Date "2019.01.19"]
[Round "8"]
[White "Drygalov, Andrey"]
[Black "Drygalov, Sergey"]
[Result "1/2-1/2"]
[WhiteElo "2485"]
[BlackElo "2442"]
[Annotator "TA"]
[PlyCount "30"]
[EventDate "2019.01.12"]
[EventType "tourn"]
[EventCountry "RUS"]
[SourceTitle "playchess.com"]
[Source "ChessBase"]
[SourceQuality "1"]

{[%evp 21,22,0,481]} 1. e4 d6 2. d4 Nf6 3. Nc3 g6 4. f4 Bg7 5. Nf3 {[%cal Bg1f3,Bf3g5,Bg5e6][%mdl 32]} c5 6. Bb5+ Bd7 7. e5 Ng4 8. e6 fxe6 9. Ng5 Bxb5 10. Nxe6 Bxd4 11. Nxd8 {B09: Pirc Defence: Austrian Attack} (11. Nxb5 Qa5+ 12. c3 Bf2+ 13. Kd2 Be3+ 14. Ke1 Bf2+ 15. Kd2 Be3+ 16. Ke1 Bf2+ {½-½ (16) Kovalev,V (2639)-Duda,J (2717) Riadh 2017}) 11... Bf2+ {[%mdl 32768] LiveBook: 138 Games. An unexpected result.} {Predecessor:} 12. Kd2 $146 Be3+ 13. Ke1 Bf2+ 14. Kd2 Be3+ 15. Ke1 Bf2+ {½-½ (15) Pashikian,A (2615)-Sevian,S (2595) Martuni 2016} 1/2-1/2

[Event "Lozovatsky Memorial-A 2019"]
[Site "Chelyabinsk"]
[Date "2019.01.19"]
[Round "8"]
[White "Gutenev, Alexander"]
[Black "Bezgodov, Alexei"]
[Result "1/2-1/2"]
[WhiteElo "2456"]
[BlackElo "2441"]
[Annotator "TA"]
[PlyCount "51"]
[EventDate "2019.01.12"]
[EventType "tourn"]
[EventCountry "RUS"]
[SourceTitle "playchess.com"]
[Source "ChessBase"]
[SourceQuality "1"]

{[%evp 22,51,26,20,25,11,21,16,25,10,24,23,10,17,18,22,57,58,44,53,43,53,41,33,59,61,57,40,41,21,32,12]} 1. e4 e5 2. Nf3 Nc6 3. Bb5 {[%cal Bf1b5,Bb5a4,Ba4b3][%mdl 32]} a6 4. Ba4 Nf6 5. O-O Be7 6. d3 b5 7. Bb3 d6 8. a3 O-O 9. Nc3 Na5 {C77: Ruy Lopez: 3...a6 4 Ba4 Nf6, unusual lines} 10. Ba2 Be6 11. b4 Bxa2 12. Rxa2 {LiveBook: 43 Games} Nb7 $146 ({Predecessor:} 12... Nc6 13. Bg5 Nd7 14. Bd2 Nf6 15. Nd5 Nxd5 16. exd5 Nb8 17. c4 {0-1 (38) Anand,V (2773)-Aronian,L (2765) Kolkata 2018}) 13. Bg5 h6 14. Bxf6 Bxf6 15. Nd5 a5 16. Qa1 c6 17. Nxf6+ Qxf6 18. a4 {White wants to play axb5.} bxa4 19. Rxa4 Qd8 20. bxa5 Rxa5 21. Rb1 Qc7 22. Rxa5 Qxa5 23. Qxa5 Nxa5 24. Ra1 Nb7 25. Ra7 Rb8 26. g3 {Precision: White = 45%, Black = 76%.} 1/2-1/2

[Event "Lozovatsky Memorial-A 2019"]
[Site "Chelyabinsk"]
[Date "2019.01.19"]
[Round "8"]
[White "Simantsev, Mikhail"]
[Black "Slizhevsky, Alexander"]
[Result "0-1"]
[WhiteElo "2401"]
[BlackElo "2428"]
[Annotator "TA RC"]
[PlyCount "72"]
[EventDate "2019.01.12"]
[EventType "tourn"]
[EventCountry "RUS"]
[SourceTitle "playchess.com"]
[Source "ChessBase"]
[SourceQuality "1"]

{[%evp 26,72,68,53,57,45,53,44,64,45,49,41,35,34,45,35,25,32,25,0,0,0,102,107,108,113,122,0,0,10,13,0,60,0,35,-211,0,0,0,0,0,-228,-221,-233,-227,-381,-396,-1340,-1282]} 1. d4 Nf6 2. c4 g6 3. f3 d5 4. cxd5 Nxd5 5. e4 Nb6 6. Nc3 Bg7 7. Be3 O-O 8. Qd2 e5 9. d5 c6 {D70: Grünfeld: Unusual White 3rd moves (met by ...d5)} 10. h4 cxd5 11. exd5 N8d7 12. h5 Nf6 13. hxg6 fxg6 14. O-O-O $1 {LiveBook: 44 Games} Bd7 15. Kb1 Rc8 16. d6 e4 17. fxe4 {[#]} Ng4 $146 18. Bg5 Qe8 19. Nf3 $1 Rxc3 20. bxc3 Qxe4+ 21. Bd3 {[%cal Bf1d3,Bd3c2,Bc2b3][%mdl 32]} Qc6 {Hoping for ...Na4.} 22. Nd4 Qc5 {White must now prevent ...Na4.} 23. Rhf1 Rc8 (23... Rxf1 $1 $11 {remains equal.} 24. Rxf1 Na4) 24. Bc2 $1 $16 Nc4 25. Bb3 Nge5 {[#]} 26. Rc1 (26. Nc2 $1 $16) 26... Kh8 $11 27. Qe2 Qxd6 28. Ka1 b5 (28... Na5 $11) 29. Bf4 (29. Bxc4 $5 Rxc4 30. Rcd1 $11) 29... Qc5 30. Nf3 $2 (30. Rh1 $14 {stays ahead.}) 30... b4 $2 ({Better is} 30... Nxf3 $19 31. Qxf3 b4) 31. Nxe5 Nxe5 32. Be3 Bb5 33. Qf2 $2 (33. Qe1 $11 Nd3 34. Bxc5 Nxe1 35. Rfxe1 Rxc5 36. a4 Bxc3+ {[#]} 37. Rxc3 $1 {[%mdl 512]} Rxc3 38. axb5 Rxb3 39. Re8+ Kg7 40. Re7+ Kf6 41. Rxa7) 33... Qe7 $19 34. Bd4 {aiming for Rh1.} Nd3 35. Qd2 $2 (35. Bxg7+ Qxg7 36. Qe3 Nxc1 37. Rxc1) 35... bxc3 ({Less strong is} 35... Nxc1 36. Rxc1 a5 37. Kb1 $17) 36. Rf7 $2 (36. Bxc3 Bxc3+ 37. Rxc3) 36... Bxd4 {Precision: White = 41%, Black = 79%.} ({Stronger than} 36... cxd2 37. Rxc8+ (37. Rxe7 $2 {gets mated.} dxc1=R#) 37... Be8 38. Bxg7+ Kg8 39. Rxe7#) 0-1